000 00566cam a22002053a 4500
001 42387
003 PGUSA
005 20140828083947.0
008 130322s2013||||xxu|||||s|||||000 | eng d
040 _aPGUSA
_beng
042 _adc
100 1 _aRovetta, Gerolamo,
_d1854-1910
245 1 0 _aCasta diva
_h[electronic resource] /
_cGerolamo Rovetta
260 _bProject Gutenberg,
_c2013
506 _aPublic domain in the USA.
516 _aElectronic text
830 0 _aProject Gutenberg
_v42387
856 4 0 _uhttp://www.gutenberg.org/ebooks/42387
942 _cEB
999 _c271639
_d271639